000 01202nam0a2200301 4500
001 RU\NLR\BIBL_A\012057508
005 20190805151659.0
010 _a978-5-91951-529-6
_9100
021 _aRU
_bКН-П-19-044995
_9КН-П-19-3289
035 _a(NLR Aleph) 012057508
035 _a(RuMoRGB)010014986
090 _a11684903
_c11684903
100 _a20190712d2019 u y0rusy50 ca
101 0 _arus
102 _aRU
105 _aachzzz0|||yz
200 1 _aЛюбовь не устала!..
_e[автобиографическая повесть]
_fГеннадий Зозуля
210 _aРостов-на-Дону
_cАльтаир
_d2019
215 _a139 с.
_cил., цв. ил., портр., факс.
_d21
300 _aНа 4-й с. обл. авт.: чл.-корр. Петр. акад. наук и искусств Г. Зозуля
686 2 _aШ6(2=Р)8-440.4
700 1 _4070
_7ca
_8rus
_aЗозуля
_bГ. Г.
_cписатель, журналист
_f1937-
_gГеннадий Григорьевич
_9208759
_3RU\NLR\AUTH\770208813
942 _cBOOK
980 _aNBR
980 _aNB